| 000 | 00662nam a2200229 a 4500 | ||
|---|---|---|---|
| 005 | 20221020063601.0 | ||
| 008 | 040325s1993 ag r 000 0 spa d | ||
| 020 | _a9505062567 | ||
| 035 | _aUPN01000132819 | ||
| 049 | _aCG | ||
| 050 | 4 |
_aLB1027 _bA4.3 1993 |
|
| 100 | 1 |
_aAlvarez, Silvia _931091 |
|
| 245 | 1 | 0 |
_aIntegración de áreas e interdisciplina / _cSilvia Alvarez. |
| 250 | _a2a ed. | ||
| 260 |
_aBuenos Aires : _bEdicial, _c1993. |
||
| 300 |
_a153 p. : _bil. |
||
| 440 | 0 | _aReferencias pedagógicas | |
| 650 | 4 | _aINTERDISCIPLINARIEDAD EN LA EDUCACION | |
| 650 | 2 |
_aCreatividad _95008 |
|
| 650 | 4 |
_aInnovaciones educativas _9386 |
|
| 905 | _aLibro | ||
| 999 |
_c104973 _d104973 |
||